000 00403nam a22001217a 4500
999 _c349780
_d349780
003 NUST
005 20180117100153.0
008 140916b xxu||||| |||| 00| 0 eng d
020 _60-13-017392-4
040 _cNUST
082 _24th Ed.
_a658.8 Lov 2000
100 _aChristopher Lovelock
_cServices Marketing
_d2000
_98461
245 _aServices Marketing
_bPeople, Technology, Strategy
_cChristopher Lovelock
250 _a4th Ed.
260 _aNew jersey
_bPrentce Hall
_c2000
942 _2ddc
_cBK